| 000 | 01176nam a2200253 a 4500 | ||
|---|---|---|---|
| 005 | 20170920020002.0 | ||
| 008 | 170918s2017 ck abd||r|||| 00| 0 spa d | ||
| 020 | _a9789588971599 | ||
| 040 |
_aCO-BoIAVH _cCO-BoIAVH |
||
| 041 | 0 | _aspa | |
| 044 | _ack | ||
| 082 | 0 | 4 |
_a577.27 _bR31t |
| 245 | 0 | 0 | _aResumen ejecutivo Tercera Comunicación Nacional a la Convención de las Naciones Unidas sobre Cambio Climático / |
| 260 |
_aBogotá (Colombia) : _bIDEAM : _bPNUD : _bMADS : _bDNP : _bCancillería, _c2017. |
||
| 300 |
_a69 páginas : _bilustraciones, mapas y gráficas a color ; _c30 x 21 cm. |
||
| 650 | 2 | 6 |
_aCambio climático _zColombia _y2017 _vInformes _vResúmenes |
| 650 | 2 | 6 |
_aCambio climático _xPolítica gubernamental _zColombia |
| 650 | 2 | 6 |
_aGases de efecto invernadero _xInventario _zColombia |
| 650 | 2 | 6 |
_aPolítica ambiental _xmitigación del cambio climático |
| 650 | 2 | 6 |
_aPolítica ambiental _xadaptación al cambio climático |
| 710 | 2 | _aInstituto de Hidrología, Metereología y Estudios Ambientales, IDEAM | |
| 710 | 2 | _aPrograma de las Naciones Unidas para el Desarrollo (PNUD) | |
| 942 |
_2ddc _cLIBRO _01 |
||
| 999 |
_c19830 _d19830 |
||